| 000 | 00582nam a2200205Ia 4500 | ||
|---|---|---|---|
| 005 | 20260429112256.0 | ||
| 008 | 260429s9999||||xx |||||||||||||| ||und|| | ||
| 020 | _a9783031827860 | ||
| 041 | _aEnglish | ||
| 082 |
_a330.0151 _bCOL |
||
| 100 | _aColombo, Stefano | ||
| 245 | 0 |
_aSpatial economic modelling : _ban introduction to key competition models / _cStefano Colombo |
|
| 250 | _a1st ed. | ||
| 260 |
_aSwitzerland : _bPalgrave Macmillan, _c2025. |
||
| 300 | _aix, 157 p.; pbk | ||
| 650 | _a Modelling | ||
| 650 | _a Spatial models | ||
| 650 | _aEconomics | ||
| 942 | _cTB | ||
| 999 |
_c53261 _d53261 |
||